[Event "Pere Noel"]
[Site "Montreal CAN"]
[Date "2011.12.26"]
[Round "1"]
[White "Cardin, Guillaume"]
[Black "Castellanos, Renier"]
[Result "0-1"]
[WhiteElo "1960"]
[BlackElo "2498"]
[PlyCount "39"]
[EventDate "2011.12.26"]
[EventType "swiss"]
[EventRounds "5"]
[EventCountry "CAN"]

1. d4 Nf6 2. c4 e6 3. Nf3 c5 4. d5 d6 5. Nc3 exd5 6. cxd5 g6 7. e4 a6 8. a4 Bg4
9. Be2 Bxf3 10. Bxf3 Nbd7 11. O-O Bg7 12. Bf4 Qb8 13. Re1 O-O 14. Qd2 Re8 15.
Ra2 c4 16. Qe3 Qc7 17. Be2 Nc5 18. f3 Nb3 19. Bf1 Ng4 20. Qe2 0-1

[Event "Pere Noel"]
[Site "Montreal CAN"]
[Date "2011.12.27"]
[Round "2"]
[White "Castellanos, Renier"]
[Black "Wu, Qiyou"]
[Result "1-0"]
[WhiteElo "2498"]
[BlackElo "2005"]
[PlyCount "99"]
[EventDate "2011.12.26"]
[EventType "swiss"]
[EventRounds "5"]
[EventCountry "CAN"]

1. Nf3 c5 2. e4 d6 3. d4 cxd4 4. Nxd4 Nf6 5. Nc3 g6 6. Be3 Bg7 7. f3 O-O 8. Qd2
Nc6 9. O-O-O Nxd4 10. Bxd4 Be6 11. Kb1 Qc7 12. Nb5 Qd7 13. g4 Rfc8 14. Be3 Bc4
15. Nd4 Bxf1 16. Rhxf1 Qa4 17. h4 h5 18. gxh5 Nxh5 19. Rg1 e5 20. Ne2 Rc6 21.
Nc3 Qa5 22. Nd5 Qxd2 23. Rxd2 Bf8 24. Rg5 Kh7 25. Rg1 Kg7 26. Bg5 b5 27. c3 a5
28. a3 Rb8 29. Rgd1 Re8 30. Ka2 Kh7 31. Kb3 Kg7 32. Be3 Nf6 33. Bh6+ Kxh6 34.
Nxf6 Ra8 35. h5 Kg7 36. Nd5 Re8 37. hxg6 fxg6 38. Rh2 Kf7 39. Rh8 Rec8 40. Rg1
Bg7 41. Rxc8 Rxc8 42. Rxg6 Kxg6 43. Ne7+ Kg5 44. Nxc8 Bf8 45. c4 bxc4+ 46. Kxc4
Kf4 47. Kd5 Kxf3 48. b4 axb4 49. axb4 Bh6 50. b5 1-0

[Event "Pere Noel"]
[Site "Montreal CAN"]
[Date "2011.12.28"]
[Round "3"]
[White "Voskanyan, Vahagn"]
[Black "Castellanos, Renier"]
[Result "0-1"]
[WhiteElo "2231"]
[BlackElo "2498"]
[PlyCount "82"]
[EventDate "2011.12.26"]
[EventType "swiss"]
[EventRounds "5"]
[EventCountry "CAN"]

1. Nf3 Nf6 2. c4 g6 3. g3 Bg7 4. Bg2 O-O 5. d4 d6 6. O-O Nc6 7. d5 Na5 8. Nfd2
c5 9. Nc3 Bf5 10. h3 e5 11. dxe6 Bxe6 12. Rb1 Qd7 13. Kh2 Nxc4 14. Nxc4 Bxc4
15. Bf4 Rad8 16. Qd2 d5 17. b3 Ba6 18. Bg5 d4 19. Bxf6 Bxf6 20. Ne4 Be7 21.
Rfe1 b6 22. Rbd1 Bb7 23. Qf4 f5 24. Ng5 Bd6 25. Qc1 Bxg2 26. Qc4+ Kh8 27. Kxg2
Rde8 28. e3 Be5 29. Nf3 Bf6 30. exd4 cxd4 31. Rxe8 Rxe8 32. a4 Qb7 33. Qb4 Kg7
34. h4 Rc8 35. Rd3 Qe4 36. Qb5 Rc3 37. Qd7+ Kh6 38. Rxc3 dxc3 39. Qd6 c2 40.
Qxf6 c1=Q 41. Qf8+ Kh5 0-1

[Event "Pere Noel"]
[Site "Montreal CAN"]
[Date "2011.12.29"]
[Round "4"]
[White "Castellanos, Renier"]
[Black "Sambuev, Bator"]
[Result "1-0"]
[WhiteElo "2498"]
[BlackElo "2578"]
[PlyCount "169"]
[EventDate "2011.12.26"]
[EventType "swiss"]
[EventRounds "5"]
[EventCountry "CAN"]

1. e4 e6 2. d4 d5 3. Nd2 c5 4. Ngf3 Nf6 5. e5 Nfd7 6. c3 Nc6 7. Bd3 Be7 8. O-O
c4 9. Bc2 b5 10. Re1 Nb6 11. Nf1 a5 12. Ng3 h5 13. Be3 h4 14. Nf1 b4 15. N3d2
a4 16. a3 bxc3 17. bxc3 Ra5 18. Qg4 g6 19. Reb1 Kd7 20. Qf3 Rh7 21. Ra2 Ra6 22.
h3 Na5 23. Nh2 Nb3 24. Ng4 Kc7 25. Nf6 Rh8 26. Nf1 Bb7 27. Ng4 Qf8 28. Bc1 Nxc1
29. Rxc1 Bc6 30. Rca1 Qg7 31. Nfe3 Nd7 32. Bd1 Rb6 33. Nc2 Rb3 34. Nb4 Bg5 35.
Re2 Bb7 36. Bc2 Rf8 37. Kh1 Kb8 38. Bxb3 axb3 39. a4 Ka7 40. a5 Rb8 41. Rb2 Ba8
42. Ra4 Qf8 43. Qe2 Qc8 44. Nh2 Be7 45. Qe3 Rb5 46. Nf3 Nb8 47. Kh2 Qe8 48. Nd2
Rb7 49. Ra3 Na6 50. Nxb3 Nxb4 51. cxb4 Rxb4 52. Rc2 Rb5 53. Nd2 Bxa3 54. Qxa3
Qd8 55. Nf3 Rxa5 56. Qb4 Bc6 57. Nxh4 Qb6 58. Qe7+ Bb7 59. Nf3 Qb3 60. Qc7 Rb5
61. Re2 Rb6 62. Re3 Qb4 63. Qxf7 c3 64. Qxg6 Qb2 65. Qg5 Rc6 66. Re1 c2 67. Rc1
Rc7 68. Qd2 Rc4 69. Ne1 Qxd4 70. Qxd4+ Rxd4 71. Rxc2 Rd1 72. Nf3 d4 73. Kg3 Kb6
74. Rc4 d3 75. Rb4+ Kc7 76. Rd4 Kc6 77. Ng5 Ba6 78. Rd6+ Kb5 79. Nxe6 Bb7 80.
Nf4 d2 81. e6 Bc6 82. e7 Be8 83. Rd8 Bf7 84. Nd5 Re1 85. Ne3 1-0

[Event "Varennes"]
[Site "Varennes CAN"]
[Date "2011.11.04"]
[Round "1"]
[White "Castellanos, Renier"]
[Black "Turcotte, Jonathan"]
[Result "1-0"]
[WhiteElo "2499"]
[BlackElo "1969"]
[PlyCount "49"]
[EventDate "2011.11.04"]
[EventType "swiss"]
[EventRounds "5"]
[EventCountry "CAN"]

1. e4 e5 2. Nf3 Nc6 3. Bb5 a6 4. Ba4 Nf6 5. d3 Bc5 6. c3 b5 7. Bb3 O-O 8. O-O
d5 9. exd5 Nxd5 10. h3 h6 11. Re1 Re8 12. d4 Ba7 13. dxe5 Nce7 14. Na3 c6 15.
c4 Nb4 16. Be3 Nd3 17. Re2 b4 18. Nc2 Nxb2 19. Qb1 Qd3 20. Rd2 Qc3 21. Bxa7
Rxa7 22. Ne3 Ng6 23. Rc2 Nf4 24. Rxc3 bxc3 25. Qe4 1-0

[Event "Varennes"]
[Site "Varennes CAN"]
[Date "2011.11.05"]
[Round "2"]
[White "Lopez Linares, Lizandro"]
[Black "Castellanos, Renier"]
[Result "0-1"]
[WhiteElo "2085"]
[BlackElo "2499"]
[PlyCount "74"]
[EventDate "2011.11.04"]
[EventType "swiss"]
[EventRounds "5"]
[EventCountry "CAN"]

1. d4 Nf6 2. c4 e6 3. Nf3 c5 4. d5 d6 5. Nc3 exd5 6. cxd5 g6 7. g3 Bg7 8. Bg2
O-O 9. O-O Nbd7 10. h3 a6 11. a4 Re8 12. Nd2 Rb8 13. Nc4 Ne5 14. Na3 Nh5 15. e4
Bd7 16. g4 b5 17. axb5 axb5 18. Naxb5 Bxb5 19. Nxb5 Rxb5 20. gxh5 Rb4 21. hxg6
hxg6 22. Bd2 Rxb2 23. Bc3 Qb6 24. Bxb2 Qxb2 25. Qa4 Rf8 26. Rab1 Qd2 27. f4 Nd3
28. e5 dxe5 29. f5 Nf4 30. Rxf4 exf4 31. Qe4 g5 32. Rf1 Bd4+ 33. Kh1 Kg7 34. d6
c4 35. f6+ Bxf6 36. Qxc4 Qxd6 37. Qe4 Qd7 0-1

[Event "Varennes"]
[Site "Varennes CAN"]
[Date "2011.11.05"]
[Round "3"]
[White "Castellanos, Renier"]
[Black "Gagnon, Serge"]
[Result "1-0"]
[WhiteElo "2499"]
[BlackElo "2113"]
[PlyCount "60"]
[EventDate "2011.11.04"]
[EventType "swiss"]
[EventRounds "5"]
[EventCountry "CAN"]

1. e4 d6 2. d4 Nf6 3. Nc3 g6 4. Be3 Bg7 5. Qd2 Nc6 6. f3 Nd7 7. O-O-O Nb6 8.
Kb1 a5 9. f4 d5 10. e5 a4 11. h3 h5 12. Nf3 Bf5 13. Bd3 e6 14. Bf2 Bf8 15. g4
hxg4 16. hxg4 Rxh1 17. Rxh1 Bxg4 18. Ng5 Bg7 19. Rh7 Kf8 20. Bh4 Ne7 21. Qg2
Bf5 22. Nxf7 Kxf7 23. Bf6 Qg8 24. Rxg7+ Qxg7 25. Bxg7 Kxg7 26. Qg5 Ng8 27. Bxf5
exf5 28. Nb5 Rc8 29. b3 axb3 30. axb3 Nd7 1-0

[Event "Varennes"]
[Site "Varennes CAN"]
[Date "2011.11.06"]
[Round "4"]
[White "Trottier, Emile"]
[Black "Castellanos, Renier"]
[Result "1/2-1/2"]
[WhiteElo "2160"]
[BlackElo "2499"]
[PlyCount "50"]
[EventDate "2011.11.04"]
[EventType "swiss"]
[EventRounds "5"]
[EventCountry "CAN"]

1. e4 c5 2. c3 Nf6 3. e5 Nd5 4. d4 cxd4 5. cxd4 d6 6. Nf3 e6 7. Nc3 Nxc3 8.
bxc3 Nd7 9. Bd3 dxe5 10. Nxe5 Nxe5 11. dxe5 Bd7 12. O-O Bc6 13. Re1 Bc5 14. Be3
Qd5 15. Qg4 h5 16. Be4 hxg4 17. Bxd5 Bxd5 18. Bxc5 b6 19. Bd6 Kd7 20. c4 Bxc4
21. Re4 Bd5 22. Rxg4 g6 23. h3 Rac8 24. a3 Rc2 25. Rb1 Rc4 1/2-1/2

[Event "Varennes"]
[Site "Varennes CAN"]
[Date "2011.11.06"]
[Round "5"]
[White "Castellanos, Renier"]
[Black "Libersan, Thierry"]
[Result "1-0"]
[WhiteElo "2499"]
[BlackElo "2111"]
[PlyCount "65"]
[EventDate "2011.11.04"]
[EventType "swiss"]
[EventRounds "5"]
[EventCountry "CAN"]

1. e4 c5 2. Nf3 e6 3. d4 cxd4 4. Nxd4 Nc6 5. Nc3 Qc7 6. f4 d6 7. Be3 Nf6 8. Be2
Be7 9. g4 Nd7 10. h4 a6 11. g5 Nc5 12. Bf3 Bd7 13. Qe2 b5 14. Qg2 b4 15. Nce2
Rc8 16. Nxc6 Bxc6 17. Nd4 Bd7 18. O-O-O Na4 19. Rhe1 a5 20. f5 e5 21. Nb3 Bb5
22. Qf2 Bc4 23. Kb1 f6 24. Bh5+ Bf7 25. Bxf7+ Kxf7 26. Rd5 Nc5 27. Bxc5 dxc5
28. Qe2 Rhd8 29. Qc4 Rxd5 30. Qxd5+ Ke8 31. Qg8+ Bf8 32. Qe6+ Be7 33. gxf6 1-0

[Event "Quebec-ch Elite"]
[Site "Montreal CAN"]
[Date "2011.10.07"]
[Round "1"]
[White "Castellanos, Renier"]
[Black "Lepine, Cedric"]
[Result "1-0"]
[WhiteElo "2489"]
[BlackElo "2098"]
[PlyCount "87"]
[EventDate "2011.10.07"]
[EventType "swiss"]
[EventRounds "7"]
[EventCountry "CAN"]

1. e4 Nf6 2. e5 Nd5 3. d4 d6 4. Nf3 g6 5. Bc4 Nb6 6. Bb3 Bg7 7. O-O O-O 8. h3
Bf5 9. Qe2 Nc6 10. a4 a5 11. Rd1 d5 12. Nbd2 Bc8 13. Nf1 e6 14. N1h2 Nd7 15.
Ng4 Ne7 16. c3 Nf5 17. Bc2 Nh4 18. Bf4 b6 19. Nxh4 Qxh4 20. Qe3 Qd8 21. Bh6 c5
22. Bxg7 Kxg7 23. Qh6+ Kg8 24. Rd3 Ba6 25. Rf3 Kh8 26. Nf6 Nxf6 27. exf6 Rg8
28. Rf4 Qf8 29. Qg5 h6 30. Rh4 Kh7 31. Re1 Re8 32. Re5 Rh8 33. Qg3 cxd4 34.
Reh5 Be2 35. Rxh6+ Qxh6 36. Rxh6+ Kxh6 37. Qh4+ Bh5 38. g4 dxc3 39. bxc3 Rc8
40. g5+ Kh7 41. Qxh5+ Kg8 42. Qf3 Rh5 43. Qg3 e5 44. Qxe5 1-0

[Event "Quebec-ch Elite"]
[Site "Montreal CAN"]
[Date "2011.10.08"]
[Round "2"]
[White "Leutschaft, Martin"]
[Black "Castellanos, Renier"]
[Result "0-1"]
[WhiteElo "2155"]
[BlackElo "2489"]
[PlyCount "100"]
[EventDate "2011.10.07"]
[EventType "swiss"]
[EventRounds "7"]
[EventCountry "CAN"]

1. d4 Nf6 2. Nf3 g6 3. Bg5 Bg7 4. Nbd2 d6 5. e4 h6 6. Bh4 g5 7. Bg3 Nh5 8. c3
e6 9. Be2 Nxg3 10. hxg3 Nd7 11. Qc2 a6 12. a4 Qe7 13. Nc4 h5 14. Ne3 g4 15. Nd2
c6 16. a5 d5 17. e5 c5 18. Nb3 Rb8 19. O-O-O c4 20. Bxc4 dxc4 21. Nxc4 Qg5+ 22.
Nbd2 b5 23. Nd6+ Kf8 24. Kb1 Bb7 25. Nxb7 Rxb7 26. Qe4 Qg6 27. Qxg6 fxg6 28.
Ne4 Ke7 29. Rhe1 Rf8 30. Re2 Nb8 31. Nc5 Rc7 32. Rd3 Rf5 33. Nxe6 Kxe6 34. d5+
Kd7 35. d6 Bxe5 36. dxc7+ Kxc7 37. Red2 g5 38. Kc2 h4 39. gxh4 gxh4 40. Kd1 Rh5
41. Ke2 h3 42. gxh3 gxh3 43. Rd1 h2 44. Rh1 Nc6 45. b4 Rh4 46. Rf3 Kd6 47. Rd3+
Kc7 48. Kf1 Ne7 49. Re3 Kd6 50. Kg2 Nd5 0-1

[Event "Quebec-ch Elite"]
[Site "Montreal CAN"]
[Date "2011.10.08"]
[Round "3"]
[White "Castellanos, Renier"]
[Black "Qin, Zi Yi (Joey)"]
[Result "1-0"]
[WhiteElo "2489"]
[BlackElo "2245"]
[PlyCount "57"]
[EventDate "2011.10.07"]
[EventType "swiss"]
[EventRounds "7"]
[EventCountry "CAN"]

1. e4 c5 2. Nf3 d6 3. d4 cxd4 4. Nxd4 Nf6 5. Nc3 a6 6. Bg5 e6 7. f4 Be7 8. Qf3
Qc7 9. O-O-O Nbd7 10. g4 h6 11. Bxf6 Bxf6 12. h4 Nc5 13. g5 Bxd4 14. Rxd4 Bd7
15. Bh3 O-O-O 16. Rd2 Bc6 17. Rhd1 hxg5 18. hxg5 Kb8 19. Bg2 Rd7 20. Qe3 Rhd8
21. f5 Qb6 22. Qg3 exf5 23. exf5 Bxg2 24. Qxg2 Qc6 25. Qg4 Re8 26. Rd5 Re5 27.
Qd4 g6 28. b4 Rxd5 29. Qxd5 1-0

[Event "Quebec-ch Elite"]
[Site "Montreal CAN"]
[Date "2011.10.09"]
[Round "5"]
[White "Sambuev, Bator"]
[Black "Castellanos, Renier"]
[Result "1-0"]
[WhiteElo "2578"]
[BlackElo "2489"]
[PlyCount "87"]
[EventDate "2011.10.07"]
[EventType "swiss"]
[EventRounds "7"]
[EventCountry "CAN"]

1. d4 Nf6 2. c4 g6 3. Nc3 Bg7 4. e4 d6 5. Nf3 O-O 6. Be2 e5 7. O-O Nc6 8. d5
Ne7 9. Ne1 Nd7 10. Be3 f5 11. f3 f4 12. Bf2 g5 13. Rc1 a6 14. Nd3 b6 15. b4 Rf6
16. c5 Rh6 17. cxd6 cxd6 18. b5 Qe8 19. g4 fxg3 20. Bxg3 Nf6 21. Nf2 Nh5 22.
Ng4 Rg6 23. bxa6 Nf4 24. Bb5 Qd8 25. Kh1 h5 26. Nf2 Kh8 27. Rg1 Ng8 28. Ne2
Nxe2 29. Qxe2 Nh6 30. Nd3 Rf6 31. h4 g4 32. f4 exf4 33. Nxf4 Rxf4 34. Bxf4 Nf7
35. Bg3 Ne5 36. Rgf1 Qe7 37. Qe3 Nf3 38. Qf4 Nxh4 39. e5 Bf5 40. exd6 Qd8 41.
Rc7 Bg6 42. Rxg7 Kxg7 43. Qe5+ Kh7 44. Bd3 1-0

[Event "Quebec-ch Elite"]
[Site "Montreal CAN"]
[Date "2011.10.10"]
[Round "6"]
[White "Jiang, Louie"]
[Black "Castellanos, Renier"]
[Result "0-1"]
[WhiteElo "2351"]
[BlackElo "2489"]
[PlyCount "70"]
[EventDate "2011.10.07"]
[EventType "swiss"]
[EventRounds "7"]
[EventCountry "CAN"]

1. e4 c5 2. Nf3 e6 3. d4 cxd4 4. Nxd4 a6 5. Nc3 b5 6. Be2 Bb7 7. Bf3 Qc7 8. O-O
Bd6 9. g3 Be5 10. Bg2 Nc6 11. Be3 Nge7 12. f4 Bxd4 13. Bxd4 Nxd4 14. Qxd4 O-O
15. Rad1 Rfd8 16. Qf2 Rac8 17. Rd2 Qa5 18. a3 b4 19. axb4 Qxb4 20. Rd3 a5 21.
Rfd1 Bc6 22. f5 Re8 23. f6 Ng6 24. fxg7 Ne5 25. R3d2 Qxb2 26. Ne2 Ng4 27. Qa7
Ra8 28. Qc5 Qe5 29. Qa3 Bxe4 30. Bh3 Nf6 31. Nf4 Rec8 32. Nd3 Bxd3 33. Qxd3 a4
34. Rf2 a3 35. Qf1 a2 0-1

[Event "San Juan op"]
[Site "Pamplona ESP"]
[Date "2011.07.27"]
[Round "4.1"]
[White "Castellanos, Renier"]
[Black "Fedorchuk, Sergey"]
[Result "1/2-1/2"]
[WhiteElo "2497"]
[BlackElo "2618"]
[PlyCount "104"]
[EventDate "2011.07.25"]
[EventType "swiss"]
[EventRounds "9"]
[EventCountry "ESP"]

1. e4 c5 2. Nf3 Nc6 3. d4 cxd4 4. Nxd4 Qb6 5. Nb3 Nf6 6. Nc3 e6 7. a3 a6 8. Bf4
h5 9. Qd2 e5 10. Be3 Qd8 11. f3 d6 12. O-O-O Be6 13. Kb1 Rc8 14. Qf2 Nb8 15.
Nc5 Qc7 16. Nxe6 fxe6 17. g3 Qf7 18. Qd2 Nbd7 19. Bh3 Be7 20. f4 O-O 21. Rhf1
Rc4 22. f5 Ng4 23. Bg5 Rd4 24. Qc1 Rxd1 25. Nxd1 Nc5 26. Nc3 Nxh2 27. Rh1 Bxg5
28. Qxg5 Nf3 29. Qe3 Nd4 30. b4 Nxe4 31. Qxe4 exf5 32. Qd3 g6 33. Bg2 Kg7 34.
Nd5 Rc8 35. c3 Nb5 36. Kb2 Nc7 37. Nxc7 Qxc7 38. Bd5 b5 39. Rd1 Rf8 40. Bb3 Rf6
41. Qd5 Qc8 42. a4 bxa4 43. Bxa4 f4 44. gxf4 exf4 45. Re1 Qf5 46. Re7+ Kh6 47.
Qd2 h4 48. Bc2 Qg5 49. Re8 Kg7 50. Re7+ Kh6 51. Re8 Kg7 52. Re7+ Kh6 1/2-1/2

[Event "ESP-Tch CECLUB GpA"]
[Site "Burguillos ESP"]
[Date "2010.08.09"]
[Round "1"]
[White "Pallardo Lozoya, Jose Vicente"]
[Black "Castellanos, Renier"]
[Result "0-1"]
[WhiteElo "2356"]
[BlackElo "2475"]
[PlyCount "112"]
[EventDate "2010.08.09"]
[EventType "team"]
[EventRounds "5"]
[EventCountry "ESP"]
[Source "Mark Crowther"]
[SourceDate "2010.08.16"]

1. e4 c5 2. d3 e6 3. g3 b6 4. Bg2 Bb7 5. Nf3 Be7 6. h4 h6 7. Qe2 d6 8. Nbd2 Nd7
9. Nf1 Ngf6 10. N1h2 c4 11. dxc4 Bxe4 12. O-O Bb7 13. Rd1 Qc7 14. b3 Rc8 15.
Nd4 Bxg2 16. Kxg2 O-O 17. Nb5 Qb8 18. Bf4 e5 19. Nc3 exf4 20. Qxe7 fxg3 21.
fxg3 d5 22. Nxd5 Rce8 23. Qb4 Re2+ 24. Kh3 Ne4 25. Nf4 Nf2+ 26. Kg2 Nd3+ 27.
Nxe2 Qb7+ 28. Nf3 Nxb4 29. Rd2 Ne5 30. Neg1 Ng4 31. Re1 Nxa2 32. Rd4 Nf6 33.
Nh3 Nb4 34. Re2 Re8 35. Rxe8+ Nxe8 36. Rd2 Nf6 37. c3 Nc6 38. Re2 Na5 39. Rb2
Ng4 40. Nhg1 Ne3+ 41. Kh2 Nd1 42. Rd2 Nxc3 43. b4 Nc6 44. b5 Na5 45. Ne5 Qc7
46. Ngf3 Nxc4 47. Rd7 Qc8 48. Rxa7 Nxb5 49. Re7 Nxe5 50. Rxe5 Nd6 51. h5 b5 52.
Rd5 Qc6 53. Rd3 b4 54. Kh3 Qc8+ 55. g4 Ne4 56. Rd4 Ng5+ 0-1

[Event "ESP-Tch CECLUB GpA"]
[Site "Burguillos ESP"]
[Date "2010.08.10"]
[Round "2"]
[White "Gonzalez de la Nava, Amador"]
[Black "Castellanos, Renier"]
[Result "0-1"]
[WhiteElo "2302"]
[BlackElo "2475"]
[PlyCount "83"]
[EventDate "2010.08.09"]
[EventType "team"]
[EventRounds "5"]
[EventCountry "ESP"]
[Source "Mark Crowther"]
[SourceDate "2010.08.16"]

1. d4 Nf6 2. Nf3 g6 3. c4 Bg7 4. Nc3 O-O 5. Bf4 d6 6. h3 c5 7. e3 Qa5 8. Qd2
cxd4 9. exd4 e5 10. Be3 Nc6 11. Be2 exd4 12. Nxd4 Nxd4 13. Bxd4 Ne4 14. Nxe4
Qxd2+ 15. Nxd2 Bxd4 16. O-O Bxb2 17. Rad1 Bf5 18. Nb3 b6 19. Rxd6 Rac8 20. Nd4
Bxd4 21. Rxd4 Be6 22. Rfd1 Rc5 23. R1d2 Rfc8 24. Rd8+ Rxd8 25. Rxd8+ Kg7 26.
Rd4 Ra5 27. Rd2 Ra4 28. Rc2 Kf6 29. f4 Kf5 30. g3 Ke4 31. Kf2 Kd4 32. Rd2+ Kc5
33. Ke3 Ra3+ 34. Kf2 h5 35. f5 Bxf5 36. Rd5+ Kc6 37. Bf3 Kc7 38. c5 Bxh3 39.
cxb6+ axb6 40. Rd2 Be6 41. Rc2+ Kd8 42. Rc6 0-1

[Event "ESP-Tch CECLUB GpA"]
[Site "Burguillos ESP"]
[Date "2010.08.12"]
[Round "4"]
[White "Ramiro Ovejero, Juan Luis"]
[Black "Castellanos, Renier"]
[Result "0-1"]
[WhiteElo "2383"]
[BlackElo "2475"]
[PlyCount "84"]
[EventDate "2010.08.09"]
[EventType "team"]
[EventRounds "5"]
[EventCountry "ESP"]
[Source "Mark Crowther"]
[SourceDate "2010.08.16"]

1. d4 Nf6 2. Nf3 g6 3. c4 Bg7 4. Nc3 O-O 5. e4 d6 6. Be2 e5 7. O-O Nc6 8. d5
Ne7 9. Ne1 Nd7 10. Nd3 f5 11. Bd2 Nf6 12. f3 f4 13. c5 g5 14. Rc1 Ng6 15. Nb5
Rf7 16. Ba5 b6 17. cxd6 cxd6 18. Be1 a6 19. Nc3 a5 20. b4 h5 21. bxa5 bxa5 22.
Nf2 Bf8 23. Na4 Bd7 24. Rb1 Rg7 25. Nb6 Ra7 26. Nxd7 Qxd7 27. Bb5 Qd8 28. Kh1
Nh8 29. Nd3 g4 30. Bf2 Raf7 31. Ba6 Qa8 32. Bc4 h4 33. Bxh4 Rh7 34. Bxf6 g3 35.
h3 Rxf6 36. Qc2 Nf7 37. Rb6 Ng5 38. Ba6 Nxh3 39. gxh3 Rxh3+ 40. Kg1 Rfh6 41.
Qg2 Qa7 42. Rfb1 Rh1+ 0-1

[Event "Valencia-Tch Honor"]
[Site "Valencia ESP"]
[Date "2009.01.24"]
[Round "3.1"]
[White "Castellanos, Renier"]
[Black "Torres Sanchez, Jose"]
[Result "1-0"]
[WhiteElo "2446"]
[BlackElo "2330"]
[PlyCount "63"]
[EventDate "2009.01.10"]
[EventType "team"]
[EventRounds "9"]
[EventCountry "ESP"]
[Source "ChessBase"]
[SourceDate "2009.11.30"]
[WhiteTeam "Alzicap"]
[BlackTeam "Burjassot"]
[WhiteTeamCountry "ESP"]
[BlackTeamCountry "ESP"]

1. c4 Nf6 2. g3 c6 3. Bg2 d5 4. Nf3 Bf5 5. cxd5 cxd5 6. Qb3 Nbd7 7. Nc3 e6 8.
Qxb7 Bc5 9. Qb3 d4 10. Na4 Rb8 11. Qd1 d3 12. Nxc5 Nxc5 13. e3 O-O 14. O-O Qa5
15. Nd4 Rfc8 16. b3 Bg4 17. f3 Bh5 18. Bb2 Nd5 19. a3 Na4 20. Bc1 e5 21. Nf5
Nc5 22. b4 Nxb4 23. Ne7+ Kf8 24. axb4 Qxa1 25. Nxc8 Rxb4 26. Nd6 a5 27. g4 Bg6
28. f4 exf4 29. Qf3 Rb1 30. Qa8+ Ke7 31. Qe8+ Kxd6 32. Qc6+ 1-0

[Event "Valencia-Tch Honor"]
[Site "Valencia ESP"]
[Date "2009.02.07"]
[Round "5.1"]
[White "Cabrera Pino, Alexis"]
[Black "Castellanos, Renier"]
[Result "1/2-1/2"]
[WhiteElo "2507"]
[BlackElo "2446"]
[PlyCount "35"]
[EventDate "2009.01.10"]
[EventType "team"]
[EventRounds "9"]
[EventCountry "ESP"]
[Source "ChessBase"]
[SourceDate "2009.11.30"]
[WhiteTeam "Mislata"]
[BlackTeam "Alzicap"]
[WhiteTeamCountry "ESP"]
[BlackTeamCountry "ESP"]

1. e4 c5 2. Nf3 d6 3. d4 cxd4 4. Nxd4 Nf6 5. Nc3 a6 6. Be3 e6 7. f3 b5 8. Qd2
Nbd7 9. g4 h6 10. O-O-O b4 11. Na4 Ne5 12. Qxb4 Bd7 13. Bf4 Rb8 14. Qc3 Rc8 15.
Qb3 Rb8 16. Qc3 Rc8 17. Qb3 Rb8 18. Qc3 1/2-1/2

[Event "Mislata op"]
[Site "Mislata ESP"]
[Date "2007.08.22"]
[Round "1"]
[White "Calvo Galve, Nestor"]
[Black "Castellanos, Renier"]
[Result "0-1"]
[WhiteElo "1934"]
[BlackElo "2471"]
[PlyCount "70"]
[EventDate "2007.08.22"]
[EventType "swiss"]
[EventRounds "9"]
[EventCountry "ESP"]
[Source "ChessBase"]
[SourceDate "2007.11.01"]

1. e4 c5 2. Nf3 e6 3. d4 cxd4 4. Nxd4 a6 5. Nc3 Qc7 6. Be2 Nf6 7. O-O d6 8. f4
Be7 9. Bf3 Nc6 10. Kh1 O-O 11. Be3 Na5 12. Qc1 Nc4 13. Bf2 Rb8 14. b3 Na5 15.
Qe3 b5 16. Rac1 Bb7 17. Rfd1 Rbc8 18. Be1 Nc6 19. Nce2 Qb8 20. c3 Rfd8 21. Bf2
Bf8 22. Ng3 Qa8 23. Nxc6 Bxc6 24. Qa7 Nxe4 25. Nxe4 Bxe4 26. Bxe4 Qxe4 27. Qxa6
Qe2 28. Bd4 Ra8 29. Qc6 Rxa2 30. Re1 Qg4 31. h3 Qxf4 32. Rf1 Qg3 33. Ra1 Rb2
34. Ra7 d5 35. Rg1 Bd6 0-1

[Event "Balaguer op"]
[Site "Balaguer ESP"]
[Date "2007.07.17"]
[Round "2.12"]
[White "Castellanos, Renier"]
[Black "Martinez Lopez, Ivan"]
[Result "1/2-1/2"]
[WhiteElo "2471"]
[BlackElo "2209"]
[PlyCount "115"]
[EventDate "2007.07.16"]
[EventType "swiss"]
[EventRounds "10"]
[EventCountry "ESP"]

1. e4 e5 2. Nf3 Nc6 3. Bb5 Nf6 4. d3 d6 5. c3 g6 6. Nbd2 Bg7 7. Nf1 O-O 8. Ng3
a6 9. Bxc6 bxc6 10. O-O c5 11. h3 Bb7 12. Re1 Qd7 13. Be3 Rfe8 14. Qd2 a5 15.
Bh6 Qe7 16. Bxg7 Kxg7 17. d4 Nd7 18. b3 Qf6 19. Rad1 h5 20. d5 Qf4 21. Qd3 Ba6
22. c4 Nf6 23. Re3 Bc8 24. Ne2 Qh6 25. Nc3 h4 26. Nb5 Re7 27. Ree1 g5 28. Qe3
Kg6 29. Nh2 Nh5 30. Ng4 Bxg4 31. hxg4 Nf4 32. a4 h3 33. g3 Ng2 34. Qf3 Nxe1 35.
Rxe1 h2+ 36. Kh1 Kg7 37. Na3 Rb8 38. Rb1 Qf6 39. Qe3 Ree8 40. Nb5 Rb7 41. Rf1
Qg6 42. Qf3 f6 43. Re1 Ra8 44. Kxh2 Kf7 45. Kg2 Kg7 46. Rh1 Rh8 47. Rxh8 Kxh8
48. Qe2 Kg7 49. Qe1 Qh7 50. Kf3 Kg6 51. Ke3 Rb8 52. Qd1 Rb7 53. Qf3 Kg7 54. Kd2
Kf7 55. Kc3 Kg7 56. Kb2 Kf7 57. Ka3 Kg7 58. Kb2 1/2-1/2

[Event "Balaguer op"]
[Site "Balaguer ESP"]
[Date "2007.07.19"]
[Round "4.14"]
[White "Castellanos, Renier"]
[Black "Purushothaman, Thirumalai"]
[Result "1/2-1/2"]
[WhiteElo "2471"]
[BlackElo "2224"]
[PlyCount "94"]
[EventDate "2007.07.16"]
[EventType "swiss"]
[EventRounds "10"]
[EventCountry "ESP"]

1. e4 c5 2. Nf3 d6 3. d4 Nf6 4. Nc3 cxd4 5. Nxd4 a6 6. Bg5 e6 7. f4 Qb6 8. Qd2
Qxb2 9. Nb3 Qa3 10. Bd3 Nc6 11. O-O Be7 12. Rae1 h6 13. Bh4 Qb4 14. Bf2 Ng4 15.
a3 Qxa3 16. Ra1 Qb4 17. Ra4 Nxf2 18. Rxb4 Nxd3 19. Qxd3 Nxb4 20. Qd4 Nxc2 21.
Qxg7 Rf8 22. Na5 Ne3 23. Rb1 b5 24. Qd4 Nc2 25. Qd3 Na3 26. Rb3 Bd7 27. Rxa3 b4
28. Rb3 bxc3 29. Rxc3 Bb5 30. Qd4 Kd7 31. Qb6 Rfc8 32. Qb7+ Kd8 33. Nc6+ Bxc6
34. Rxc6 Rxc6 35. Qxc6 Rb8 36. Qxa6 Ke8 37. g3 Kf8 38. Kg2 Rd8 39. Qd3 d5 40.
exd5 Kg8 41. d6 Rxd6 42. Qc3 h5 43. f5 exf5 44. Qc5 Bf8 45. Qxf5 Rh6 46. Qg5+
Bg7 47. h3 Kh7 1/2-1/2

[Event "Balaguer op"]
[Site "Balaguer ESP"]
[Date "2007.07.20"]
[Round "5.20"]
[White "Robles Garcia, Claudia"]
[Black "Castellanos, Renier"]
[Result "1/2-1/2"]
[WhiteElo "2167"]
[BlackElo "2471"]
[PlyCount "92"]
[EventDate "2007.07.16"]
[EventType "swiss"]
[EventRounds "10"]
[EventCountry "ESP"]

1. e4 c5 2. Nf3 a6 3. d4 cxd4 4. Nxd4 Nf6 5. Nc3 e5 6. Nb3 Bb4 7. Bd2 O-O 8.
Bd3 Nc6 9. O-O Bxc3 10. Bxc3 d5 11. exd5 Nxd5 12. Bd2 Qf6 13. Nc5 Rd8 14. Ne4
Qe7 15. Qh5 h6 16. a3 Nf4 17. Bxf4 exf4 18. Rfe1 Be6 19. Nc5 Qf6 20. Nxe6 fxe6
21. Qg6 Qxg6 22. Bxg6 Rd6 23. Kf1 Rad8 24. Be4 Kf7 25. c3 Na5 26. Bc2 Nc4 27.
b3 Rd2 28. Be4 Nd6 29. Bf3 b6 30. Red1 Nb5 31. Rxd2 Rxd2 32. Be2 Rc2 33. a4
Nxc3 34. Bxa6 Ne4 35. Bd3 Nd2+ 36. Ke1 Rb2 37. b4 Ke7 38. Rd1 Nb3 39. Rb1 Rxb1+
40. Bxb1 Kd6 41. Ke2 b5 42. axb5 Nd4+ 43. Kd3 Nxb5 44. Ba2 Ke5 45. Bc4 Nd6 46.
b5 Nc8 1/2-1/2